[Event "FIDE Zonal 2.5 Open 2019"]
[Site "Montevideo"]
[Date "2019.04.18"]
[Round "8.2"]
[White "Henriquez Villagra, Cristobal"]
[Black "Roselli Mailhe, Bernardo"]
[Result "1-0"]
[WhiteElo "2543"]
[BlackElo "2454"]
[Annotator "TA"]
[PlyCount "183"]
[EventDate "2019.04.13"]
[EventType "swiss"]
[EventCountry "URU"]
[SourceTitle "playchess.com"]
[Source "ChessBase"]
[SourceQuality "1"]

{[%evp 16,183,26,22,13,13,39,45,30,18,38,34,74,55,41,38,46,47,47,47,58,46,54,0,60,25,54,34,31,6,44,44,44,44,78,50,205,193,240,111,291,277,280,58,54,70,57,64,45,56,56,64,64,17,23,0,49,58,100,98,93,98,95,0,0,0,106,106,85,94,54,37,303,292,294,303,303,303,302,298,333,326,324,258,221,238,548,547,533,511,719,724,724,724,724,721,716,716,702,519,708,675,1448,1439,1354,1212,1454,1465,1448,1033,7980,4137,4145,2582,10960,10215,8958,4137,9145,8575,9191,9191,9050,8953,9198,8329,9026,6852,1363,0,6219,4145,8816,6659,6398,4698,5818,10575,29958,29959,10804,7129,5614,5064,3500,2692,29974,29975,29980,29973,29982,29975,29975,29972,29970,29972,29969,5818,29978,29979,29979,29980,29981,29982,29982,29981,29981,29981,29978,29979]} 1. e4 e6 2. d4 d5 3. e5 c5 4. c3 Nc6 5. Nf3 Nge7 6. Na3 cxd4 7. cxd4 Nf5 8. Nc2 Be7 9. Bd3 Bd7 {C02: French: Advance Variation} 10. O-O h5 11. b4 a6 {White is slightly better.} 12. Rb1 b5 13. Be3 $146 ({Predecessor:} 13. g3 g5 14. Be3 g4 15. Nfe1 Qb6 16. a3 O-O-O 17. Bxf5 exf5 {0-1 (29) Cebula,J (1991)-Dgebuadze,A (2521) Hilversum 2011}) 13... Na7 {[%cal Bc6a7,Ba7c8,Bc8b6,Bb6c4][%mdl 32]} 14. Nd2 Nc8 15. Nb3 Nb6 16. Nc5 Nc4 17. Bc1 g6 18. Ne3 Bc6 19. Be2 (19. Nxf5 $14 gxf5 20. Bf4) 19... Bf8 (19... Nfxe3 $11 20. Bxe3 Qc7) 20. Rb3 Nh6 21. Bf3 a5 22. Qc2 Nf5 23. Nxf5 gxf5 24. a3 {[%cal Ba2a3,Ba3a4][%mdl 32]} Qh4 25. Rd1 Bh6 $2 (25... Qe7 $14) 26. Bxh6 $1 $18 Rxh6 {[#]} 27. bxa5 (27. a4 $1 $18) 27... Rxa5 $2 {[#]} (27... Nxa5 $16 28. Rc3 Qd8) 28. a4 $1 {[%mdl 512]} Kf8 (28... bxa4 29. Rb8+) 29. Rb4 $2 ({White should try} 29. Qb1 $18) 29... Nxe5 $1 $14 30. dxe5 Qxb4 31. Nd3 Qxa4 ({Don't blunder} 31... Qc4 $2 32. Qd2 $18) 32. Qxc6 Kg7 33. Qc1 {[%mdl 1024] White has compensation.} Qc4 34. Qd2 Ra2 35. Qe3 $36 {[%mdl 2048] White fights for an advantage.} Qc3 36. h4 Ra1 37. Rxa1 Qxa1+ 38. Kh2 Qc3 39. Qg5+ (39. Be2 $16) 39... Rg6 $11 40. Qe3 Rh6 (40... d4 $11 {remains equal.} 41. Qe2 b4) 41. Be2 $16 b4 {[#]} 42. Qg5+ $1 Rg6 43. Qe7 $1 ({Stronger than} 43. Qxh5 Qd4 $17) 43... f4 $2 {[%mdl 8192]} ({Better is} 43... b3 $14) 44. Nxf4 $18 Qxe5 45. g3 ({Worse is} 45. Qxb4 Rf6 $11) 45... Rh6 46. Qxb4 Rh8 47. Qd2 Rb8 48. Nxh5+ Kf8 49. Nf4 Rb2 50. Qd3 Qe4 $2 (50... Kg8 {is a better chance.} 51. Qf3 Rd2) 51. Qa3+ Qb4 52. Qf3 Qe4 {[#] intending ...Qxf3.} 53. Nxe6+ $1 {[%mdl 512]} Ke7 (53... Qxe6 54. Qa3+) 54. Qa3+ {[%mdl 64] Double Attack} Qb4 55. Qxb4+ Rxb4 56. Nf4 Kd6 57. Kg2 Rb2 58. Bh5 f6 59. Bg6 Rb8 60. h5 Rh8 61. Kf3 Ke5 62. Bf7 {Ng6+ is the strong threat.} Kf5 63. Bxd5 Kg5 64. Bf7 Rb8 65. Ne6+ Kh6 66. Nd4 Kg5 67. Kg2 Rb2 68. Nf3+ Kh6 69. g4 Rc2 70. Kg3 Rc3 71. Kf4 Rc2 72. Kg3 Rc3 73. Bg6 Ra3 74. Bf5 Rb3 75. Kg2 Ra3 76. Nd2 Ra6 77. Ne4 Kg7 78. Kg3 Ra3+ 79. f3 Ra6 80. Bg6 Ra3 81. Nd6 Kh6 82. Be4 Rb3 83. Kf4 Rb6 84. Nc4 Rb5 85. Ne3 Ra5 86. Nd5 (86. Nf5+ $142 Kh7 87. Nd6+ Kh6 88. Ne8 Ra6 89. Bd5 f5 90. Kxf5 Ra5 91. Nf6) 86... Ra6 87. Kf5 {White mates.} Kg7 88. Nc7 Ra5+ 89. Bd5 Kh8 90. Ke6 Ra7 91. Ne8 Ra6+ 92. Kf5 {Accuracy: White = 62%, Black = 29%.} 1-0

[Event "FIDE Zonal 2.5 Open 2019"]
[Site "Montevideo"]
[Date "2019.04.18"]
[Round "8.3"]
[White "Tristan, Leonardo"]
[Black "Salinas Herrera, Pablo"]
[Result "0-1"]
[WhiteElo "2504"]
[BlackElo "2483"]
[Annotator "TA"]
[PlyCount "96"]
[EventDate "2019.04.13"]
[EventType "swiss"]
[EventCountry "URU"]
[SourceTitle "playchess.com"]
[Source "ChessBase"]
[SourceQuality "1"]

{[%evp 9,96,-20,-11,-15,-3,-35,-24,-45,-8,-20,-27,-24,-18,-38,-24,-42,-52,-60,-19,-37,-27,-47,0,0,0,-32,12,-35,-51,-30,35,-57,-45,-61,-66,-72,0,-170,-140,-162,0,0,0,-4,-4,-28,-31,-20,-29,-21,64,50,62,66,80,73,76,4,17,2,4,-40,-40,-40,-40,-41,-43,-60,0,0,0,0,0,-625,-608,-532,-529,-1178,-1086,-5727,-3300,-3479,-5631,-29985,-29986,-29986,-29987,-29987,-29988]} 1. d4 d5 2. Bf4 Nf6 3. e3 Bg4 4. f3 Bd7 5. g4 c5 6. c3 {D00: 1 d4 d5: Unusual lines} e6 $146 ({Predecessor:} 6... Nc6 7. h4 Qb6 8. Qb3 Qxb3 9. axb3 a6 10. Nh3 Bc8 11. Na3 Ra7 {½-½ (48) Kamsky,G (2670)-Inarkiev,E (2686) Sochi 2016}) 7. Qb3 Bc6 8. Bb5 {Black has an edge.} Qb6 9. Bxc6+ bxc6 10. Ne2 Be7 11. Nd2 Nfd7 12. Rc1 O-O 13. c4 Na6 14. a3 Rfe8 15. Bg3 Bf8 16. Kf2 Rac8 17. Qxb6 (17. Rhd1 {is more complex.} g6 18. Qxb6 axb6 19. Nb3 Bg7 20. cxd5 exd5 21. h4) 17... Nxb6 (17... axb6 {is interesting.} 18. Nb3 cxd4 19. exd4 Nc7 20. Bxc7 Rxc7 21. g5 dxc4 22. Rxc4 e5) 18. b4 cxb4 19. c5 bxa3 (19... Nd7 $11) 20. cxb6 (20. Rc3 $14) 20... axb6 $15 21. Nc3 Nb4 22. Ra1 e5 ({Black should try} 22... Ra8 $17 23. Na2 c5 24. Nxb4 cxb4) 23. Nb3 $2 ({Of course not} 23. Bxe5 b5 $17) (23. dxe5 $11 {and White is okay.} Ra8 24. Nb3) 23... exd4 $19 24. Nxd4 Bc5 $2 (24... Nd3+ $1 $19 25. Ke2 Nb2) 25. Rhd1 $11 Ra8 26. Na2 Ra4 27. Nxb4 (27. Nc3 $5 {[%cal Rc3a4]} Raa8 28. Na2 $11) 27... Rxb4 28. Ra2 Rc4 29. Rd3 Rc8 (29... Bf8 $11) 30. Nf5 $1 $14 {Threatens to win with Bd6.} g6 31. Nd6 {[%mdl 64] Double Attack} Ra8 $1 32. Nxc4 dxc4 33. Rd7 (33. Rd1 $16) 33... b5 $11 34. Rad2 f6 {Hoping for ...b4.} 35. Rd8+ Rxd8 36. Rxd8+ Kf7 {White must now prevent ...b4.} 37. Ke2 $1 b4 {[%mdl 1024] Black has compensation.} 38. Be1 $1 a2 {[#]} (38... b3 $15 39. Rb8 Ke6) 39. Bc3 $1 {[%mdl 512]} b3 (39... bxc3 40. Ra8) 40. Rb8 $1 Ba3 $1 {...c5 is the strong threat.} 41. Ba1 $2 {[%mdl 8192] [#]} (41. Rb7+ $11 Ke8 42. Bxf6) 41... c5 $1 $19 42. Rb7+ {[#]} Ke6 $1 43. f4 {If White can now play e4 this consolidates a bit.} Bb4 ({Wrong is} 43... b2 $2 44. Rxb2 Bxb2 45. Bxb2 $18) 44. e4 c3 45. f5+ gxf5 46. exf5+ Kd6 {Black mates.} 47. g5 b2 48. gxf6 b1=Q {Accuracy: White = 38%, Black = 62%.} 0-1

[Event "FIDE Zonal 2.5 Open 2019"]
[Site "Montevideo"]
[Date "2019.04.18"]
[Round "8.4"]
[White "Delgado Ramirez, Neuris"]
[Black "Perez Ponsa, Federico"]
[Result "1-0"]
[WhiteElo "2616"]
[BlackElo "2562"]
[Annotator "TA"]
[PlyCount "135"]
[EventDate "2019.04.13"]
[EventType "swiss"]
[EventCountry "URU"]
[SourceTitle "playchess.com"]
[Source "ChessBase"]
[SourceQuality "1"]

{[%evp 9,135,-20,45,5,6,9,26,29,40,42,84,81,77,72,72,72,80,69,71,63,101,79,75,82,97,95,94,84,121,123,131,125,125,125,125,125,125,125,127,119,120,110,154,139,145,113,114,118,193,200,220,219,220,214,223,217,288,162,289,181,246,121,137,129,129,112,112,37,44,44,411,411,411,411,411,411,411,411,411,411,411,411,411,411,411,411,411,411,411,411,411,411,411,411,411,411,411,411,411,411,411,411,411,411,411,411,411,411,411,411,396,396,29970,396,29974,29975,29975,29976,29976,29977,29977,29978,29978,29979,29978,29979,29978,29979]} 1. d4 Nf6 2. Nc3 d5 3. Bf4 e6 4. e3 Bb4 5. Nge2 (5. Bd3 c5 6. dxc5 Nbd7 7. Nf3 Nxc5 8. O-O Bxc3 9. bxc3 O-O 10. Be2 b6 11. c4 Bb7 12. Qd4 {½-½ (32) Naroditsky,D (2616)-Xiong,J (2672) chess.com INT 2019}) 5... Ne4 ({Better is} 5... O-O $11) 6. f3 {D00: 1 d4 d5: Unusual lines} (6. a3 {is interesting.} Nxc3 7. Nxc3 Bd6 8. Qf3 O-O 9. h4) 6... Nxc3 7. Nxc3 O-O $146 ({Predecessor:} 7... c5 8. a3 Bxc3+ 9. bxc3 Nc6 10. Bd3 Qa5 11. Qd2 Bd7 12. O-O {½-½ (75) Barlocco,C (2129)-Brignone,R (2171) Limone Piemonte 2001}) 8. Qd2 {White has an edge.} c5 9. a3 Qa5 10. Bd6 Rd8 11. dxc5 b6 12. Rb1 Bxc3 13. Qxc3 ({Much worse is} 13. bxc3 Ba6 $11) 13... Qxc3+ 14. bxc3 Bb7 15. Bc7 Rc8 16. cxb6 axb6 17. Bxb8 Rcxb8 18. Rxb6 Bc8 19. Rxb8 Rxb8 $16 {[%mdl 4096] Endgame KRB-KRB} 20. Kf2 Rb1 21. Rg1 $1 Ra1 22. Bd3 Rxa3 23. Rb1 Ra8 24. c4 Bd7 25. Rb7 Be8 26. cxd5 exd5 27. Bb5 Kf8 28. Ke2 Rc8 (28... Ra5 $16) 29. Kd3 $18 Rc5 30. Bxe8 $1 Kxe8 {KR-KR} 31. g4 Ra5 32. Kd4 h5 33. g5 (33. gxh5 $142 Ra4+ 34. Kxd5) 33... g6 (33... Kf8 $142 34. f4 Ra2) 34. Rc7 Kf8 (34... h4 {was necessary.} 35. f4 h3 36. Rc8+ Ke7) 35. f4 (35. h4 $18) 35... Ra1 $16 36. Kxd5 {And now e4 would win.} Rh1 37. e4 Rxh2 38. f5 (38. Ke5 $16 {Black must now prevent Kf6.} Rd2 39. c4) 38... gxf5 39. exf5 {Hoping for Ke5.} Re2 $2 {[%mdl 8192]} (39... h4 $14) 40. c4 $1 $18 h4 {[#]} 41. Rc6 $1 h3 42. Rh6 {Threatens to win with f6.} h2 43. c5 Kg7 44. f6+ Kg8 45. Kd4 Rd2+ {[#]} 46. Kc3 $1 {[%cal Rc3d2]} Rd5 47. Kc4 Rd2 48. Rh4 Rc2+ 49. Kd5 Rd2+ 50. Kc6 Rc2 51. Kd6 Rd2+ 52. Kc7 Rc2 53. c6 Rd2 54. Kc8 Rc2 55. c7 Rd2 56. g6 fxg6 57. Kb7 Rb2+ 58. Ka6 Ra2+ 59. Kb5 Rb2+ 60. Ka4 Ra2+ $2 (60... Rc2 $18 61. f7+ Kg7 62. Rxh2 Rxc7 63. Rh7+ {[%mdl 64] Promotion} Kxh7) 61. Kb4 $2 (61. Kb3 {mates} Ra8 62. Rxh2 Rc8 63. Rc2 g5 64. Rc5 g4 65. Kc4 Kf7 66. Rc6) 61... Ra8 $2 (61... Rc2 $18 62. f7+ Kxf7) 62. Rxh2 {White mates.} Kf7 63. Rc2 Rc8 64. Rc6 g5 65. Kb5 g4 66. Kb6 g3 67. Kb7 g2 68. Rc1 {Accuracy: White = 76%, Black = 50%.} 1-0

[Event "FIDE Zonal 2.5 Open 2019"]
[Site "Montevideo"]
[Date "2019.04.18"]
[Round "8.5"]
[White "Lopez Azambuja, Nicolas"]
[Black "Peralta, Fernando"]
[Result "0-1"]
[WhiteElo "2328"]
[BlackElo "2572"]
[Annotator "ChessBase"]
[PlyCount "70"]
[EventDate "2019.04.13"]
[EventType "swiss"]
[EventCountry "URU"]
[SourceTitle "playchess.com"]
[Source "ChessBase"]
[SourceQuality "1"]
[TimeControl "40/5400+30:1800+30"]

1. d4 {[%emt 0:00:00]} Nf6 {[%emt 0:00:00]} 2. c4 {[%emt 0:00:00]} e6 {[%emt 0:00:00]} 3. Nf3 {[%emt 0:00:00]} Bb4+ {[%emt 0:00:00]} 4. Nbd2 {[%emt 0:00:22]} O-O {[%emt 0:00:08]} 5. g3 {[%emt 0:00:46]} d5 {[%emt 0:01:41]} 6. Qc2 {[%emt 0:00:58]} b6 {[%emt 0:01:08]} 7. Bg2 {[%emt 0:02:05]} Bb7 {[%emt 0:00:42]} 8. O-O {[%emt 0:07:32]} Nbd7 {[%emt 0:00:27]} 9. b3 {[%emt 0:02:29]} Re8 {[%emt 0:03:48]} 10. Bb2 {[%emt 0:00:42]} Rc8 {[%emt 0:01:49]} 11. Rac1 {[%emt 0:01:38]} Bd6 {[%emt 0:14:35]} 12. Rfd1 {[%emt 0:10:37]} Qe7 {[%emt 0:00:37]} 13. Qb1 {[%emt 0:09:14]} Nf8 {[%emt 0:25:52]} 14. Qa1 {[%emt 0:10:26]} a5 {[%emt 0:05:48]} 15. a3 {[%emt 0:06:04]} Red8 {[%emt 0:09:14]} 16. Nh4 {[%emt 0:09:25]} Ng6 {[%emt 0:04:58]} 17. Nxg6 {[%emt 0:01:01]} hxg6 {[%emt 0:00:05]} 18. Re1 {[%emt 0:00:40]} c5 {[%emt 0:08:26]} 19. dxc5 {[%emt 0:13:43]} Bxc5 {[%emt 0:00:51]} 20. e3 {[%emt 0:02:09]} dxc4 {[%emt 0:02:19]} 21. Bxb7 {[%emt 0:01:07]} Qxb7 {[%emt 0:00:11]} 22. Nxc4 {[%emt 0:00:17]} Ne4 {[%emt 0:01:42]} 23. h4 {[%emt 0:09:23]} b5 {[%emt 0:00:57]} 24. Nxa5 {[%emt 0:00:28]} Qd5 {[%emt 0:00:10]} 25. Bd4 {[%emt 0:02:37]} Nd2 {[%emt 0:05:48]} 26. Red1 {[%emt 0:00:17]} Bxd4 {[%emt 0:02:39]} 27. exd4 {[%emt 0:00:48]} Nf3+ {[%emt 0:00:19]} 28. Kg2 {[%emt 0:05:39]} Nxh4+ {[%emt 0:01:18]} 29. Kf1 {[%emt 0:01:28]} Qh1+ {[%emt 0:04:22]} 30. Ke2 {[%emt 0:00:04]} Qe4+ {[%emt 0:00:14]} 31. Kf1 {[%emt 0:00:04]} Qh1+ {[%emt 0:01:42]} 32. Ke2 {[%emt 0:00:04]} Qf3+ {[%emt 0:00:03]} 33. Kf1 {[%emt 0:00:11]} Nf5 {[%emt 0:00:31]} 34. Kg1 {[%emt 0:00:25]} Rxc1 {[%emt 0:01:17]} 35. Rxc1 {[%emt 0:00:59]} Nxd4 0-1

[Event "FIDE Zonal 2.5 Open 2019"]
[Site "Montevideo"]
[Date "2019.04.18"]
[Round "8.6"]
[White "Pichot, Alan"]
[Black "Real De Azua, Ernesto"]
[Result "1-0"]
[WhiteElo "2566"]
[BlackElo "2474"]
[Annotator "TA"]
[PlyCount "91"]
[EventDate "2019.04.13"]
[EventType "swiss"]
[EventCountry "URU"]
[SourceTitle "playchess.com"]
[Source "ChessBase"]
[SourceQuality "1"]

{[%evp 13,91,24,25,10,15,-7,7,0,0,1,7,-18,0,0,6,-20,-25,-9,-6,-16,38,24,47,11,18,17,64,82,72,50,59,7,2,-14,-14,-97,-30,-16,-22,-31,-30,-29,-16,-66,0,0,8,7,7,7,10,9,200,200,189,194,244,222,273,273,301,319,309,302,247,114,309,124,227,226,266,266,252,251,361,358,821,814,747,619]} 1. e4 e5 2. Nf3 Nc6 3. Bb5 a6 4. Ba4 Nf6 5. O-O b5 6. Bb3 Bb7 7. Re1 Bc5 8. h3 {C78: Ruy Lopez: Archangelsk and Möller Defences} (8. c3 d6 9. d4 Bb6 10. Be3 O-O 11. Nbd2 h6 12. h3 Re8 13. d5 Ne7 14. Bxb6 cxb6 15. a4 bxa4 16. Bxa4 b5 17. Bc2 Qb6 18. Bd3 Bc8 19. b4 Bd7 20. c4 bxc4 21. Nxc4 {0-1 (52) Alekseenko,K (2638)-Grischuk,A (2771) St Petersburg 2018}) 8... O-O 9. c3 Re8 10. d4 {The position is equal.} Bb6 11. a4 $146 ({Predecessor:} 11. Bg5 h6 12. Bh4 d6 13. Nbd2 exd4 14. cxd4 Nxd4 15. Nxd4 Bxd4 {0-1 (33) Petidis,K-Rozental,E LSS email 2007}) 11... h6 12. Na3 d6 13. d5 Ne7 14. Nc2 c6 {[%cal Rc6d5]} 15. dxc6 Bxc6 16. axb5 Bxb5 (16... axb5 $11 17. Rxa8 Bxa8) 17. Nh2 $14 Ng6 18. Qf3 d5 19. Ng4 {And now Nxf6+ would win.} dxe4 20. Nxf6+ Qxf6 21. Qxf6 gxf6 22. Bxh6 (22. Bd5 $14) 22... Nf4 $132 {[%mdl 2048] Black has counterplay} 23. Rxe4 f5 24. Re3 (24. Bxf4 $11 fxe4 25. Bg5) 24... Bxe3 (24... Ne2+ $17 25. Kh2 Bxe3 26. Nxe3 Kh7 27. Bxf7 Kxh6 28. Bxe8 Rxe8) 25. Nxe3 Bd7 26. Ba4 Bxa4 27. Rxa4 Rab8 28. g3 Ne2+ ({Black should try} 28... Nxh3+ $15 29. Kg2 Nxf2 $1 {[%mdl 512]} 30. Kxf2 Rxb2+ 31. Kf1 Rd8) 29. Kf1 Rxb2 30. Nxf5 {Strongly threatening Rg4+.} e4 ({Don't blunder} 30... Nxc3 $2 31. Rg4+ Kh7 32. Rg7+ Kh8 33. Nd6 $1 $18 {[%mdl 512]}) 31. Rxa6 Nxc3 32. Bg7 Rb5 $2 (32... e3 $11 33. fxe3 Rb5 34. Bxc3 Rxf5+ 35. Ke2 Kh7) 33. Nd6 $18 {[%mdl 64] Double Attack} Kxg7 34. Nxe8+ {[%mdl 4096] Endgame KRN-KRN} Kf8 35. Nd6 Rb1+ 36. Kg2 Rd1 37. Rc6 {Hoping for Nf5.} Rd3 38. h4 Kg8 39. Nf5 (39. Rc8+ $18 {and White stays clearly on top.} Kg7 40. Rc6) 39... Kh7 $2 (39... Nd1 $16 {keeps fighting.}) 40. Rh6+ Kg8 {[#]} 41. Rd6 $1 Rf3 42. Ne3 Ne2 {If only Black now had time for ...Nxg3....} 43. Ng4 f5 (43... Kg7 {might work better.} 44. Rd2 Nc3) 44. Rd8+ Kf7 $2 (44... Kh7 45. Rd7+ Kg8) 45. Ne5+ {[%mdl 64] Double Attack} Ke7 46. Rd2 {Accuracy: White = 45%, Black = 37%.} ({Not} 46. Nxf3 Kxd8 47. h5 Ke7 $18) 1-0

[Event "FIDE Zonal 2.5 Open 2019"]
[Site "Montevideo"]
[Date "2019.04.18"]
[Round "8.7"]
[White "Cubas, Jose Fernando"]
[Black "Krysa, Leandro"]
[Result "1/2-1/2"]
[WhiteElo "2505"]
[BlackElo "2498"]
[Annotator "TA"]
[PlyCount "57"]
[EventDate "2019.04.13"]
[EventType "swiss"]
[EventCountry "URU"]
[SourceTitle "playchess.com"]
[Source "ChessBase"]
[SourceQuality "1"]

{[%evp 15,57,0,0,0,35,0,0,-10,0,0,19,-10,8,0,0,0,0,-22,18,12,14,4,13,6,7,-16,-32,-30,-15,-6,4,4,2,3,5,0,5,5,8,-78,-69,-62,-62,-61]} 1. e4 e5 2. Nf3 Nc6 3. d4 exd4 4. Nxd4 Nf6 5. Nc3 Bb4 6. Nxc6 bxc6 7. Bd3 O-O 8. O-O d5 9. exd5 {C47: Scotch Four Knights and Four Knights with 4 g3} Bg4 (9... cxd5 10. Qf3 c6 11. Bg5 Bd6 12. Rae1 Rb8 13. Nd1 h6 14. Bxf6 Qxf6 15. Qxf6 gxf6 16. b3 Kg7 17. Ne3 Re8 18. Nf5+ Bxf5 19. Bxf5 Re5 20. Bd3 Bb4 21. Re3 Rxe3 22. fxe3 {½-½ (35) Duda,J (2738)-Ding,L (2813) Wijk aan Zee 2019}) 10. Be2 (10. f3 $5 {[%cal Rf3g4]} Bd7 11. dxc6 Bxc6 12. Be3 $14) 10... Bxe2 11. Nxe2 {[%cal Bc3e2,Be2f4,Bf4d3,Bd3c5,Bc5a6][%mdl 32] The position is equal.} cxd5 12. Bg5 Rb8 $146 ({Predecessor:} 12... Be7 13. Qd3 Re8 14. c4 dxc4 15. Qxc4 Ne4 16. Bxe7 Qxe7 {½-½ (30) Tari,A (2618)-Matlakov,M (2683) Porto Carras 2018}) 13. Qd4 Rb6 14. Nf4 Be7 15. Nd3 h6 16. Bf4 Ne4 {next ...c5 is good for Black.} 17. c4 dxc4 18. Qxc4 Nd6 19. Qa4 Bf6 20. Nc5 {And now Nd7 would win.} Bxb2 21. Rad1 {[#] Threatens to win with Nd7.} Re8 $36 {[%mdl 2048] Black is more active.} 22. Qxa7 Qb8 (22... Be5 {looks sharper.} 23. Bxe5 Rxe5 24. Nd3 Re4 25. a4 Rd4) 23. Qxb8 Rbxb8 24. Na6 Rb7 25. Rd2 Ba3 26. Rd3 Re4 27. Bxh6 (27. g3 $11 {keeps the balance.} Nc4 28. Rb3) 27... Ra4 $17 ({Of course not} 27... gxh6 $6 28. Rxa3 Rc4 29. Rb3 $14) 28. Bc1 $1 Bxc1 29. Nc5 {[%mdl 64] Double Attack. Accuracy: White = 45%, Black = 43%.} 1/2-1/2

[Event "FIDE Zonal 2.5 Open 2019"]
[Site "Montevideo"]
[Date "2019.04.18"]
[Round "8.8"]
[White "Michailov, Matias"]
[Black "Donoso Diaz, Sebastian"]
[Result "1/2-1/2"]
[WhiteElo "2264"]
[BlackElo "2191"]
[Annotator "TA"]
[PlyCount "105"]
[EventDate "2019.04.13"]
[EventType "swiss"]
[EventCountry "URU"]
[SourceTitle "playchess.com"]
[Source "ChessBase"]
[SourceQuality "1"]

{[%evp 18,105,19,20,20,20,20,20,20,19,22,14,50,27,75,49,55,0,24,8,76,71,77,22,29,22,4,0,0,0,0,-27,-27,-27,-27,-28,-31,-33,-23,-29,0,0,0,-20,-20,-20,-20,-29,17,0,0,0,0,0,0,0,0,0,0,0,2,0,0,0,0,0,0,0,0,0,0,0,0,0,0,0,0,0,0,0,0,0,0,0,0,0,0,0,0,0]} 1. e4 c5 2. Nf3 e6 3. d4 cxd4 4. Nxd4 Nc6 5. Nc3 Qc7 6. Be3 a6 7. Be2 Nf6 8. O-O b5 9. Nxc6 dxc6 10. f4 Be7 {B49: Sicilian: Taimanov: 5 Nc3 Qc7 6 Be3 a6 7 Be2} (10... b4 11. Na4 c5 12. c3 Rb8 13. cxb4 Rxb4 14. Rc1 Nxe4 15. a3 Rb8 16. Bf3 Bb7 17. Bxe4 Bxe4 18. Bxc5 Rxb2 19. Nxb2 Bxc5+ {½-½ (50) Tan,Z (2530)-Dzagnidze,N (2519) Wenzhou 2018}) 11. e5 Nd5 12. Nxd5 cxd5 13. c3 O-O 14. Bd3 b4 $146 ({Predecessor:} 14... Bd7 15. Qh5 g6 16. Qh6 Bc5 17. Rae1 f5 18. exf6 Rxf6 {1-0 (53) Peli,G (2376)-Krutous,A (2238) ICCF email 2010}) 15. Rc1 {White wants to play cxb4.} Qb7 16. cxb4 Bxb4 17. Qg4 ({White should try} 17. a3 $14 Ba5 18. Qc2) 17... Ba5 18. Qh4 {[%csl Gd3][%cal Rh4h7]} g6 {[#]} (18... h6 $11) 19. Rf3 $1 $16 {[%cal Rf3h3]} Bb6 20. Bxb6 ({Better is} 20. Re1 $16) 20... Qxb6+ $11 21. Kh1 {And now Rh3 would win.} Ra7 ({Don't go for} 21... Qxb2 $2 22. Rb1 $18) 22. Rc2 (22. b3 {is more complex.} Rc7 23. Rcf1 Qd4 24. Qh6 Qb4 25. Rg3) 22... Rc7 {White must now prevent ...Rxc2.} 23. Qf2 d4 24. Be4 Rxc2 25. Qxc2 Bb7 26. Bxb7 $1 Qxb7 {[%mdl 4096] Endgame KQR-KQR} 27. h3 Rc8 28. Qe2 Rc1+ 29. Kh2 Kg7 30. Ra3 h5 31. Rxa6 Rb1 32. b3 h4 (32... d3 $5 33. Qxd3 Rb2 $11) 33. Rd6 {aiming for Qf2.The position is equal.} Qc7 {[#] ( -> ...Qc1)} 34. Qd2 Qc3 35. Qxc3 dxc3 {KR-KR} 36. Rc6 Rb2 $1 37. Rxc3 {a4 is the strong threat.} Rxa2 38. Kg1 Rb2 39. g3 hxg3 40. Rxg3 f6 41. Kf1 fxe5 42. fxe5 Kh6 43. Ke1 Kh5 44. Kd1 g5 45. Kc1 Re2 46. b4 Rxe5 47. Kc2 Kh4 48. Rb3 Re2+ 49. Kd1 Rf2 50. Ke1 Rf8 51. b5 g4 52. hxg4 Kxg4 53. Ke2 {Accuracy: White = 51%, Black = 77%.} 1/2-1/2

[Event "FIDE Zonal 2.5 Open 2019"]
[Site "Montevideo"]
[Date "2019.04.18"]
[Round "8.9"]
[White "Restuccia, Francisco"]
[Black "Muniz, Rafael"]
[Result "0-1"]
[WhiteElo "2100"]
[BlackElo "2257"]
[Annotator "ChessBase"]
[PlyCount "70"]
[EventDate "2019.04.13"]
[EventType "swiss"]
[EventCountry "URU"]
[SourceTitle "playchess.com"]
[Source "ChessBase"]
[SourceQuality "1"]
[TimeControl "40/5400+30:1800+30"]

1. e4 {[%emt 0:00:12]} c5 {[%emt 0:00:00]} 2. Nf3 {[%emt 0:00:11]} d6 {[%emt 0:00:00]} 3. d4 {[%emt 0:00:07]} cxd4 {[%emt 0:00:00]} 4. Nxd4 {[%emt 0:00:08]} Nf6 {[%emt 0:00:00]} 5. Nc3 {[%emt 0:00:05]} a6 {[%emt 0:00:00]} 6. Be2 {[%emt 0:00:06]} e5 {[%emt 0:00:16]} 7. Nb3 {[%emt 0:00:06]} Be7 {[%emt 0:01:11]} 8. O-O {[%emt 0:00:10]} O-O {[%emt 0:02:46]} 9. Kh1 {[%emt 0:00:14]} b6 {[%emt 0:00:48]} 10. Be3 {[%emt 0:02:35]} Bb7 {[%emt 0:00:59]} 11. f3 {[%emt 0:00:10]} b5 {[%emt 0:02:15]} 12. Qe1 {[%emt 0:03:49]} Nbd7 {[%emt 0:02:01]} 13. a3 {[%emt 0:00:27]} Rc8 {[%emt 0:02:07]} 14. Rd1 {[%emt 0:18:06]} Qc7 {[%emt 0:04:02]} 15. Qf2 {[%emt 0:02:20]} d5 {[%emt 0:17:09]} 16. Nxd5 {[%emt 0:26:42]} Nxd5 {[%emt 0:07:29]} 17. exd5 {[%emt 0:00:14]} Nf6 {[%emt 0:00:25]} 18. c4 {[%emt 0:07:10]} bxc4 {[%emt 0:01:06]} 19. Bb6 {[%emt 0:00:07]} Qd6 {[%emt 0:04:14]} 20. Na5 {[%emt 0:03:05]} Bxd5 {[%emt 0:03:02]} 21. Bxc4 {[%emt 0:04:41]} Qe6 {[%emt 0:00:57]} 22. Bd3 {[%emt 0:06:05]} Bd8 {[%emt 0:06:33]} 23. Bxd8 {[%emt 0:00:49]} Rfxd8 {[%emt 0:00:25]} 24. Rfe1 {[%emt 0:02:42]} e4 {[%emt 0:09:39]} 25. fxe4 {[%emt 0:11:51]} Bxe4 {[%emt 0:03:13]} 26. Bxe4 {[%emt 0:03:18]} Nxe4 {[%emt 0:00:18]} 27. Rxd8+ {[%emt 0:01:21]} Rxd8 {[%emt 0:00:08]} 28. Qe2 {[%emt 0:00:31]} Re8 {[%emt 0:00:57]} 29. Qxe4 {[%emt 0:03:57]} Qxe4 {[%emt 0:00:08]} 30. Rxe4 {[%emt 0:00:02]} Rxe4 {[%emt 0:00:16]} 31. Kg1 {[%emt 0:00:01]} Re2 {[%emt 0:01:41]} 32. b3 {[%emt 0:00:17]} Rc2 {[%emt 0:01:09]} 33. h3 {[%emt 0:00:47]} Kf8 {[%emt 0:00:34]} 34. Kh2 {[%emt 0:00:18]} Rc3 {[%emt 0:01:10]} 35. Kg1 {[%emt 0:00:22]} Ke7 {[%emt 0:00:29]} 0-1